[Event "Lille-Le Touquet"]
[Site "Henin Beaumont"]
[Date "2007.11.24"]
[Round "2.3"]
[White "Roger, Mehdi"]
[Black "Therkildsen, Thomas"]
[Result "0-1"]
[WhiteElo "2205"]
[BlackElo "2298"]
[PlyCount "137"]
[EventDate "2007.11.24"]
[SourceDate "2007.10.24"]

1. e4 Nf6 2. e5 Nd5 3. d4 d6 4. Nf3 Nb6 5. a4 a5 6. Bb5+ c6 7. Be2 dxe5 8. Nxe5
g6 9. Nc3 Bg7 10. Bf4 N8d7 11. Qd2 Nxe5 12. Bxe5 Bxe5 13. dxe5 Qxd2+ 14. Kxd2
Bf5 15. Rad1 h5 16. h4 Nd7 17. f4 O-O-O 18. Kc1 Nc5 19. Bf3 Ne6 20. Ne2 Kc7 21.
g3 Ng7 22. Nc3 Be6 23. Be4 Bg4 24. Rxd8 Rxd8 25. Bd3 Ne6 26. Kd2 Nd4 27. Ke3
Bf5 28. Ne4 Ne6 29. b3 Bxe4 30. Bxe4 Nc5 31. Bd3 e6 32. Be2 Rb8 33. Ra1 Nd7 34.
Kd4 Nb6 35. Bf3 Rd8+ 36. Kc3 Nc8 37. Re1 Ne7 38. Be4 Ng8 39. Bd3 Nh6 40. Re2
Kb6 41. Kc4 Ng4 42. Re1 Rd5 43. Re2 Rc5+ 44. Kd4 Rd5+ 45. Ke4 Kc5 46. c3 b5 47.
axb5 cxb5 48. Bxb5 Rd1 49. Be8 Nh6 50. Ra2 Kb6 51. Ke3 Rd8 52. Ba4 Nf5+ 53. Kf2
Rd3 54. Be8 Rxg3 55. Bxf7 Rh3 56. Ra4 Rxc3 57. Bxe6 Rc2+ 58. Ke1 Nd4 59. Bd5
Nf5 60. Be4 Rb2 61. Rc4 Rxb3 62. Bxf5 gxf5 63. Ke2 Rb4 64. Rc8 Rxf4 65. Kd3 Re4
66. Rb8+ Ka7 67. Rh8 Rxe5 68. Rxh5 Rb5 69. Kd4 {suite illisible} 0-1

[Event "Lille-Le Touquet"]
[Site "Henin Beaumont"]
[Date "2007.11.24"]
[Round "2.4"]
[White "Maitesian, Sergei"]
[Black "Julve, Philippe"]
[Result "0-1"]
[WhiteElo "2283"]
[BlackElo "2224"]
[PlyCount "60"]
[EventDate "2007.11.24"]
[SourceDate "2007.10.24"]

1. e4 c5 2. d3 Nc6 3. g3 d5 4. Nd2 Nf6 5. Bg2 Bg4 6. f3 Bc8 7. Ne2 h5 8. O-O h4
9. g4 h3 10. Bh1 e5 11. Ng3 c4 12. Re1 cxd3 13. exd5 dxc2 14. Qxc2 Nxd5 15. Nb3
Be7 16. Nf5 Qb6+ 17. Kf1 Ndb4 18. Qe4 Bxf5 19. Qxf5 g6 20. Qe4 Nxa2 21. Rxa2
Qxb3 22. Ra1 Bb4 23. Qe3 Qxe3 24. Rxe3 O-O-O 25. Ke2 Nd4+ 26. Kf2 Nc2 27. Rxa7
Kb8 28. Ra4 Rd1 29. Bd2 Bxd2 30. Re2 Rxh1 0-1

[Event "Lille-Le Touquet"]
[Site "Henin Beaumont"]
[Date "2007.11.24"]
[Round "2.5"]
[White "Israel, Gregory"]
[Black "Kieffer, Christian"]
[Result "1-0"]
[WhiteElo "2165"]
[BlackElo "2161"]
[PlyCount "77"]
[EventDate "2007.11.24"]
[SourceDate "2007.10.24"]

1. d4 g6 2. e4 c6 3. Nc3 d5 4. exd5 cxd5 5. Bf4 Bg7 6. Nb5 Na6 7. Bd3 Nf6 8. h3
O-O 9. c3 Bd7 10. Nf3 Nh5 11. Bh2 Bh6 12. O-O Nf4 13. Bxf4 Bxf4 14. Re1 Qb6 15.
Qe2 Rae8 16. a4 Bb8 17. Ne5 Be6 18. h4 Qd8 19. h5 Nc7 20. hxg6 fxg6 21. g3 Rf6
22. Kg2 Nxb5 23. axb5 Ref8 24. f4 Qc8 25. Rh1 Bf5 26. Rae1 Re6 27. Bxf5 Rxf5
28. Qf3 Qd8 29. Nd3 Rxe1 30. Rxe1 Qd7 31. Re3 e6 32. Qe2 Qxb5 33. Rxe6 Rf7 34.
Re8+ Rf8 35. Re7 Qc6 36. Nf2 Bd6 37. Qe6+ Kh8 38. Rd7 Bb8 39. Qe7 1-0

[Event "Lille-Le Touquet"]
[Site "Henin Beaumont"]
[Date "2007.11.24"]
[Round "2.6"]
[White "Flament, Frederic"]
[Black "Burgnies, Stephane"]
[Result "0-1"]
[WhiteElo "2153"]
[BlackElo "2164"]
[PlyCount "92"]
[EventDate "2007.11.24"]
[SourceDate "2007.10.24"]

1. d4 d5 2. Nf3 Nf6 3. Bf4 e6 4. e3 c5 5. c3 Nc6 6. Nbd2 Bd6 7. Ne5 Bxe5 8.
dxe5 Nd7 9. Qg4 Ncxe5 10. Bxe5 Nxe5 11. Qxg7 Ng6 12. h4 f6 13. Bb5+ Bd7 14. h5
Qe7 15. Bxd7+ Kxd7 16. Qxe7+ Nxe7 17. Rd1 Kc6 18. Nf1 Rhg8 19. Ng3 e5 20. Ke2
f5 21. Kf3 Raf8 22. Rh4 a5 23. a3 c4 24. Rb1 Nc8 25. Rd1 Nd6 26. Rg1 b5 27. Nf1
b4 28. axb4 axb4 29. Nd2 bxc3 30. bxc3 Nb5 31. Nb1 Ra8 32. g3 Ra2 33. Rc1 Nd6
34. Rh2 Ne4 35. Rg2 Rb8 36. g4 Rxb1 37. Rxb1 Nd2+ 38. Kg3 Nxb1 39. gxf5 Nxc3
40. Kh4 Ne4 41. Rg6+ hxg6 42. fxg6 Rxf2 43. g7 Kd6 44. h6 Rh2+ 45. Kg4 Rxh6 46.
g8=N Rg6+ 0-1

[Event "Lille-Le Touquet"]
[Site "Henin Beaumont"]
[Date "2007.11.24"]
[Round "2.7"]
[White "Levaux, Christian"]
[Black "Dehesdin, Wilfried"]
[Result "1/2-1/2"]
[WhiteElo "2091"]
[BlackElo "2110"]
[PlyCount "132"]
[EventDate "2007.11.24"]
[SourceDate "2007.10.24"]

1. c4 Nf6 2. Nf3 e6 3. g3 Nc6 4. Bg2 Be7 5. O-O O-O 6. d4 d6 7. Nc3 h6 8. e4 e5
9. d5 Nb8 10. h3 b6 11. Be3 a5 12. a3 Bd7 13. b4 Nh7 14. c5 bxc5 15. bxc5 f5
16. exf5 Bxf5 17. Nd2 Nd7 18. cxd6 cxd6 19. Nde4 Nhf6 20. Kh2 Rc8 21. Rc1 Kh8
22. Qd2 Qe8 23. f3 Qf7 24. g4 Bxe4 25. fxe4 Qg6 26. Qd3 Nc5 27. Bxc5 Rxc5 28.
Ne2 Rfc8 29. Rxc5 Rxc5 30. Rc1 Rxc1 31. Nxc1 h5 32. gxh5 Nxh5 33. Ne2 Bg5 34.
Qf3 Bf4+ 35. Kh1 Qf7 36. Qg4 g6 37. Bf3 Kh7 38. Qc8 Be3 39. Kg2 Nf6 40. Qc2 g5
41. Qc8 Bc5 42. a4 Qd7 43. Qxd7+ Nxd7 44. Nc1 Kg6 45. Bd1 Kf6 46. Kf3 Bb4 47.
Nd3 Bc3 48. Kg4 Bd2 49. Kh5 Ke7 50. Kg4 Nb6 51. Bb3 Kf6 52. Kf3 Bc3 53. Kg3 Nc8
54. Kg4 Ne7 55. Bc2 Ng6 56. Bd1 Nf8 57. h4 gxh4 58. Kxh4 Nh7 59. Bf3 Nf8 60.
Kg4 Kg6 61. Bd1 Nd7 62. Kh4 Bd4 63. Bh5+ Kh6 64. Bd1 Bc3 65. Kg4 Nf6+ 66. Kf5
Kg7 1/2-1/2

[Event "Lille-Le Touquet"]
[Site "Henin Beaumont"]
[Date "2007.11.24"]
[Round "2.8"]
[White "Galaczy, Marie"]
[Black "Gimenez, Sandrine"]
[Result "1-0"]
[WhiteElo "1460"]
[BlackElo "1499"]
[PlyCount "53"]
[EventDate "2007.11.24"]
[SourceDate "2007.10.24"]

1. e4 e5 2. Bc4 d6 3. Nf3 Nf6 4. Nc3 Nc6 5. Ng5 Be6 6. Nxe6 fxe6 7. Bxe6 g6 8.
d3 Nd4 9. Bc4 c6 10. O-O b5 11. Bb3 h5 12. h3 a5 13. a3 Rb8 14. Ba2 a4 15. Be3
c5 16. Ne2 h4 17. f4 Rh5 18. c3 Nc6 19. Qe1 Ne7 20. fxe5 Nh7 21. Nf4 dxe5 22.
Nxh5 gxh5 23. Qxh4 b4 24. Qxh5+ Kd7 25. Qxh7 bxa3 26. bxa3 Rb2 27. Rfb1 1-0

[Event "Arcueil-Club 608"]
[Site "Paris"]
[Date "2007.11.24"]
[Round "2.1"]
[White "Marchand, Francois"]
[Black "Carlhammar, Magnus"]
[Result "1/2-1/2"]
[WhiteElo "2216"]
[BlackElo "2349"]
[PlyCount "50"]
[EventDate "2007.11.24"]
[SourceDate "2007.10.24"]

1. d4 Nf6 2. c4 g6 3. Nc3 d5 4. cxd5 Nxd5 5. Bd2 Bg7 6. e4 Nb6 7. Be3 O-O 8.
Bb5 Be6 9. d5 Bd7 10. Be2 c6 11. Nf3 cxd5 12. exd5 e6 13. dxe6 Bxe6 14. Nd4 Bc4
15. O-O Bxe2 16. Qxe2 N8d7 17. Rfd1 Qe7 18. Ncb5 Rfd8 19. a4 Nf6 20. Nxa7 Nfd5
21. Nab5 Nxe3 22. fxe3 Qb4 23. Nc7 Rab8 24. Qb5 Qxb5 25. axb5 Nc4 {
suite illisible} 1/2-1/2

[Event "Arcueil-Club 608"]
[Site "Paris"]
[Date "2007.11.24"]
[Round "2.2"]
[White "Sohier, Julien"]
[Black "Mircescu, Ovidiu"]
[Result "1/2-1/2"]
[WhiteElo "2259"]
[BlackElo "2132"]
[PlyCount "54"]
[EventDate "2007.11.24"]
[SourceDate "2007.10.24"]

1. e4 e5 2. Nf3 Nc6 3. Bb5 a6 4. Ba4 Nf6 5. O-O b5 6. Bb3 Be7 7. Re1 O-O 8. h3
d6 9. c3 Na5 10. Bc2 c5 11. d4 Qc7 12. Nbd2 Bb7 13. d5 Rfc8 14. Nf1 Nc4 15. Ng3
g6 16. Nh2 Nb6 17. Ng4 Nbd7 18. Nh6+ Kg7 19. Qd2 Ng8 20. Ng4 h5 21. Nh6 h4 22.
Nf1 Ndf6 23. Bd1 Nh7 24. Nxg8 Rxg8 25. Qh6+ Kh8 26. Nh2 f5 27. Qe3 Bf6 1/2-1/2

[Event "Arcueil-Club 608"]
[Site "Paris"]
[Date "2007.11.24"]
[Round "2.3"]
[White "Zeller, Olivier"]
[Black "Baillon, Olivier"]
[Result "1/2-1/2"]
[WhiteElo "2006"]
[BlackElo "2254"]
[PlyCount "47"]
[EventDate "2007.11.24"]
[SourceDate "2007.10.24"]

1. e4 e6 2. d4 d5 3. Nd2 Be7 4. exd5 Qxd5 5. Ngf3 c5 6. dxc5 Qxc5 7. Bd3 Nf6 8.
O-O O-O 9. Nc4 Nbd7 10. Bf4 Nd5 11. Bg3 b5 12. Nce5 N7f6 13. Nd4 a6 14. c3 Bb7
15. a4 Nc7 16. b4 Qd5 17. Nef3 Rfc8 18. Re1 Qd8 19. axb5 Nxb5 20. Nxb5 axb5 21.
Rxa8 Bxa8 22. Bxb5 Rxc3 23. Qxd8+ Bxd8 24. Ra1 1/2-1/2

[Event "Arcueil-Club 608"]
[Site "Paris"]
[Date "2007.11.24"]
[Round "2.4"]
[White "De Marchi, Olivier"]
[Black "Daubas, Christophe"]
[Result "1/2-1/2"]
[WhiteElo "2214"]
[BlackElo "2027"]
[PlyCount "91"]
[EventDate "2007.11.24"]
[SourceDate "2007.10.24"]

1. d4 Nf6 2. c4 g6 3. Nc3 Bg7 4. e4 d6 5. Nf3 O-O 6. Be2 e5 7. O-O Nc6 8. d5
Ne7 9. Nd2 Ne8 10. b4 a5 11. bxa5 f5 12. Nb3 Kh8 13. f3 f4 14. c5 g5 15. cxd6
cxd6 16. Na4 Bd7 17. Nb6 Rb8 18. a4 Ng6 19. Ba3 Rg8 20. Bb5 Bxb5 21. axb5 Bf8
22. Nd2 Nf6 23. Ndc4 g4 24. Kh1 Nh5 25. Qe1 Nh4 26. Ra2 gxf3 27. gxf3 Ng3+ 28.
hxg3 fxg3 29. Rg2 Nxg2 30. Kxg2 Rg6 31. Rh1 Be7 32. Rh5 Qe8 33. Qh1 Qf7 34. Qh3
Rf8 35. Rf5 Qg7 36. Bc1 Bg5 37. Bxg5 Rxg5 38. Nxd6 Rgxf5 39. exf5 e4 40. Nxe4
Rg8 41. f6 Qc7 42. Qh6 Rg6 43. Qf8+ Rg8 44. Qc5 Qf7 45. Qd4 h5 46. Nd6 1/2-1/2

[Event "Arcueil-Club 608"]
[Site "Paris"]
[Date "2007.11.24"]
[Round "2.5"]
[White "Cheron, Stephane"]
[Black "Eche, Sylvain"]
[Result "0-1"]
[WhiteElo "1999"]
[BlackElo "2182"]
[PlyCount "88"]
[EventDate "2007.11.24"]
[SourceDate "2007.10.24"]

1. e4 c5 2. Nf3 g6 3. d4 cxd4 4. Nxd4 Nc6 5. Nxc6 bxc6 6. Bd3 Bg7 7. c4 Rb8 8.
Qc2 Nf6 9. Nc3 O-O 10. O-O d5 11. cxd5 cxd5 12. Bf4 Rb4 13. a3 Rb6 14. Na4 Re6
15. Nc5 Rc6 16. Bb5 Rb6 17. Ba4 Nh5 18. Ne6 Bxe6 19. Bc7 Qc8 20. Bxb6 Qxc2 21.
Bxc2 axb6 22. Rab1 Rc8 23. Bb3 Nf4 24. Bxd5 Nxd5 25. exd5 Bxd5 26. b4 e6 27.
Rfe1 Ra8 28. Re3 Bd4 29. Rg3 Rc8 30. Rf1 Rc2 31. Rd3 e5 32. Rfd1 Bxf2+ 33. Kh1
Bd4 34. R3d2 Rc3 35. Rd3 Rc8 36. a4 Be4 37. R3d2 Rc4 38. a5 Rxb4 39. axb6 Rxb6
40. h3 f5 41. Ra2 f4 42. Rc1 Rb7 43. Re1 Bd5 44. Ra5 Bc3 0-1

[Event "Arcueil-Club 608"]
[Site "Paris"]
[Date "2007.11.24"]
[Round "2.6"]
[White "Stoenescu, Radu"]
[Black "Debehaigne, Benoit"]
[Result "1-0"]
[WhiteElo "2154"]
[BlackElo "1929"]
[PlyCount "65"]
[EventDate "2007.11.24"]
[SourceDate "2007.10.24"]

1. e4 c5 2. Nf3 g6 3. d4 Bg7 4. c3 b6 5. h4 Bb7 6. Bd3 h5 7. Qc2 cxd4 8. cxd4
Nc6 9. Qa4 a6 10. Be3 b5 11. Qb3 Na5 12. Qb4 Rc8 13. a4 Nc6 14. Qd2 b4 15. d5
Ne5 16. Nxe5 Bxe5 17. a5 Qc7 18. Qxb4 Nf6 19. Na3 Bxd5 20. Bb6 Qb7 21. exd5
Qxd5 22. Ke2 Bd6 23. Qd4 Qe6+ 24. Qe3 Qb3 25. Bd4 Nd5 26. Bc4 Nf4+ 27. Qxf4
Rxc4 28. Qe3 Rc2+ 29. Nxc2 Qxc2+ 30. Kf1 Qc4+ 31. Kg1 O-O 32. Rc1 Qb5 33. Bc5
1-0

[Event "Arcueil-Club 608"]
[Site "Paris"]
[Date "2007.11.24"]
[Round "2.7"]
[White "Carbonnet, Christophe"]
[Black "Mendeiros, Jerome"]
[Result "0-1"]
[WhiteElo "1827"]
[BlackElo "2126"]
[PlyCount "74"]
[EventDate "2007.11.24"]
[SourceDate "2007.10.24"]

1. d4 Nf6 2. c4 g6 3. Nc3 d5 4. h4 Bg7 5. h5 Nxh5 6. cxd5 c6 7. e4 cxd5 8. e5
Bf8 9. f4 Ng3 10. Bb5+ Bd7 11. Rh3 Bxb5 12. Nxb5 Ne4 13. Qa4 Nc6 14. Ne2 a6 15.
Nbc3 Nxc3 16. Nxc3 Bg7 17. Be3 Qd7 18. Qb3 Rd8 19. O-O-O b5 20. Rdh1 h5 21. Qd1
Rg8 22. Rh4 Rc8 23. Kb1 Qf5+ 24. Ka1 Nb4 25. a3 Nc2+ 26. Ka2 Nxe3 27. Qf3 Qd3
28. R4h3 Qc4+ 29. Kb1 Nf5 30. Qxd5 Nxd4 31. Rd1 Qxd5 32. Nxd5 Ne6 33. Rhd3 f6
34. exf6 exf6 35. f5 gxf5 36. Re3 Kf7 37. Rde1 Rge8 0-1

[Event "Arcueil-Club 608"]
[Site "Paris"]
[Date "2007.11.24"]
[Round "2.8"]
[White "Mousset Evtouchenko, Nina"]
[Black "Sinny Palany, Emilie"]
[Result "1-0"]
[WhiteElo "1843"]
[BlackElo "1099"]
[PlyCount "61"]
[EventDate "2007.11.24"]
[SourceDate "2007.10.24"]

1. c4 e5 2. Nc3 Nc6 3. Nf3 Nf6 4. d3 d5 5. cxd5 Nxd5 6. g3 Nxc3 7. bxc3 Bd6 8.
Bg2 O-O 9. O-O Qf6 10. Bb2 Be6 11. c4 Rad8 12. Nd2 h6 13. f4 b6 14. Bxc6 Bc5+
15. Kh1 Rd6 16. fxe5 Qe7 17. exd6 Qxd6 18. Bg2 Qe7 19. d4 Bd6 20. e4 c5 21. e5
Bc7 22. d5 Bc8 23. d6 Qd7 24. dxc7 Qxc7 25. Ne4 f5 26. exf6 gxf6 27. Nxf6+ Rxf6
28. Rxf6 Qe7 29. Bd5+ Kh7 30. Qd3+ Kh8 31. Rf8# 1-0

[Event "JEEN-Rueil Malmaison"]
[Site "Rueil Malmaison"]
[Date "2007.11.24"]
[Round "2.1"]
[White "Simon, Olivier"]
[Black "Williams, Simon"]
[Result "0-1"]
[WhiteElo "2397"]
[BlackElo "2475"]
[PlyCount "114"]
[EventDate "2007.11.24"]
[SourceDate "2007.10.24"]

1. e4 e6 2. d4 d5 3. Nc3 Bb4 4. exd5 exd5 5. Bd3 Nc6 6. a3 Bxc3+ 7. bxc3 Be6 8.
Rb1 Rb8 9. Qf3 Nge7 10. Ne2 Qd7 11. O-O O-O 12. h3 Bf5 13. Bf4 b6 14. Ng3 Bxd3
15. cxd3 Ng6 16. Rfe1 Rfe8 17. Nh5 Re6 18. Rxe6 fxe6 19. Qg4 Rf8 20. Re1 Rf5
21. Bh2 Qf7 22. Qe2 e5 23. g4 Rxh5 24. gxh5 Nh4 25. Bxe5 Nxe5 26. dxe5 Qf5 27.
f4 Qxh3 28. e6 Qg3+ 29. Kf1 Nf3 30. Qf2 Qxf2+ 31. Kxf2 Nxe1 32. Kxe1 g6 33. Kf2
Kf8 34. Kg3 Ke7 35. hxg6 hxg6 36. Kg4 Kxe6 37. Kg5 Kf7 38. f5 gxf5 39. Kxf5 Ke7
40. Ke5 c6 41. a4 Kd7 42. c4 dxc4 43. dxc4 Kc7 44. Ke6 b5 45. cxb5 cxb5 46. Kd5
b4 47. Kc4 a5 48. Kd3 Kd6 49. Kd4 Ke6 50. Ke4 Kf6 51. Kd4 Kf5 52. Kd3 Ke5 53.
Ke3 Kd5 54. Kd3 Kc5 55. Kc2 Kd4 56. Kb3 Kd3 57. Kb2 Kc4 0-1

[Event "JEEN-Rueil Malmaison"]
[Site "Rueil Malmaison"]
[Date "2007.11.24"]
[Round "2.2"]
[White "Bratanov, Jivko"]
[Black "Lafaurie, Pierre"]
[Result "1-0"]
[WhiteElo "2459"]
[BlackElo "2113"]
[PlyCount "43"]
[EventDate "2007.11.24"]
[SourceDate "2007.10.24"]

1. d4 g6 2. e4 Bg7 3. Nc3 d6 4. Be2 a6 5. h4 h5 6. Nf3 b5 7. a4 b4 8. Nd5 Bb7
9. Ng5 c5 10. Bc4 e6 11. Qf3 Nh6 12. Nf4 Bxd4 13. c3 bxc3 14. bxc3 Be5 15. Rb1
Bc6 16. Ngxe6 fxe6 17. Nxe6 Qe7 18. Bg5 Qf7 19. Qd3 Ng4 20. f4 Rf8 21. O-O Bg7
22. Qxd6 1-0

[Event "JEEN-Rueil Malmaison"]
[Site "Rueil Malmaison"]
[Date "2007.11.24"]
[Round "2.3"]
[White "Giroux, Fabrice"]
[Black "Pira, Davoud"]
[Result "1/2-1/2"]
[WhiteElo "2169"]
[BlackElo "2405"]
[PlyCount "95"]
[EventDate "2007.11.24"]
[SourceDate "2007.10.24"]

1. e4 g6 2. d4 Bg7 3. Nf3 d6 4. Bc4 a6 5. a4 e6 6. O-O Ne7 7. Bg5 h6 8. Be3 b6
9. Nfd2 Bb7 10. c3 c5 11. Na3 cxd4 12. Bxd4 Bxd4 13. cxd4 O-O 14. Bd3 Nec6 15.
Nc2 d5 16. e5 a5 17. Re1 Ba6 18. Re3 Bxd3 19. Rxd3 Nb4 20. Nxb4 axb4 21. Nf1
Kg7 22. Ne3 Nc6 23. Ng4 h5 24. Nf6 Rh8 25. h4 Ne7 26. Rb3 Nf5 27. g3 Qe7 28.
Qd2 Rhc8 29. Qxb4 Qxb4 30. Rxb4 Rc4 31. Rxb6 Nxd4 32. f4 Rc2 33. a5 Rac8 34.
Rf1 Ne2+ 35. Kf2 Nd4+ 36. Kg1 Rd2 37. Rf2 Rd3 38. Kh2 Rc1 39. Rb8 Nf3+ 40. Kg2
Rg1+ 41. Kh3 Rh1+ 42. Kg2 Rg1+ 43. Kh3 Rh1+ 44. Kg2 Rh2+ 45. Kf1 Rd1+ 46. Ke2
Rd2+ 47. Ke3 d4+ 48. Ke4 1/2-1/2

[Event "JEEN-Rueil Malmaison"]
[Site "Rueil Malmaison"]
[Date "2007.11.24"]
[Round "2.4"]
[White "Pein, Malcolm"]
[Black "Mehaibia, Azzedine"]
[Result "1-0"]
[WhiteElo "2395"]
[BlackElo "2204"]
[PlyCount "58"]
[EventDate "2007.11.24"]
[SourceDate "2007.10.24"]

1. d4 Nf6 2. Nf3 g6 3. c4 Bg7 4. Nc3 d6 5. Bg5 Nbd7 6. e3 c6 7. Be2 O-O 8. Qc2
e5 9. dxe5 dxe5 10. Rd1 Qe7 11. O-O h6 12. Bh4 Nc5 13. b4 Ncd7 14. c5 a5 15. a3
axb4 16. axb4 b6 17. cxb6 Nxb6 18. Ne4 g5 19. Nxf6+ Qxf6 20. Bg3 Qe6 21. Nd2
Ra2 22. Qb1 e4 23. Bc4 Nxc4 24. Qxa2 Nxd2 25. Rxd2 Qf5 26. Qa5 Qxa5 27. bxa5
Bc3 28. Rc2 Bxa5 29. Rxc6 Be6 {Suite illisible} 1-0

[Event "JEEN-Rueil Malmaison"]
[Site "Rueil Malmaison"]
[Date "2007.11.24"]
[Round "2.5"]
[White "Lagaude, Stephane"]
[Black "Bafounta, Denis"]
[Result "0-1"]
[WhiteElo "2018"]
[BlackElo "2318"]
[PlyCount "82"]
[EventDate "2007.11.24"]
[SourceDate "2007.10.24"]

1. e4 c5 2. c3 Nf6 3. e5 Nd5 4. d4 cxd4 5. cxd4 Nc6 6. Nf3 g6 7. Bc4 Nb6 8. Bb3
Bg7 9. O-O O-O 10. Re1 d5 11. exd6 Qxd6 12. d5 Na5 13. Nc3 Nxb3 14. axb3 Bd7
15. Bg5 Rfe8 16. Qd2 e6 17. Bf4 Bxc3 18. bxc3 Qxd5 19. Qb2 Bc6 20. Bh6 Qh5 21.
Qd2 Bxf3 22. gxf3 Red8 23. Qg5 Qxf3 24. Re3 Rd1+ 25. Rxd1 Qxd1+ 26. Kg2 Qd5+
27. Kg3 Qxg5+ 28. Bxg5 Kg7 29. c4 f6 30. Rxe6 fxg5 31. Re7+ Kg8 32. Rxb7 Rd8
33. c5 Rd3+ 34. Kg4 Rd4+ 35. Kxg5 Rd5+ 36. Kf6 Rf5+ 37. Ke6 Rxc5 38. Rxa7 Rb5
39. Kf6 Nd5+ 40. Ke6 Nf4+ 41. Kf6 Rf5+ 0-1

[Event "JEEN-Rueil Malmaison"]
[Site "Rueil Malmaison"]
[Date "2007.11.24"]
[Round "2.6"]
[White "Kirszenberg, Marc"]
[Black "Logel, Matthieu"]
[Result "1-0"]
[WhiteElo "2210"]
[BlackElo "1851"]
[PlyCount "79"]
[EventDate "2007.11.24"]
[SourceDate "2007.10.24"]

1. d4 Nf6 2. c4 c5 3. d5 e6 4. Nc3 exd5 5. cxd5 d6 6. e4 g6 7. f4 Bg7 8. e5
dxe5 9. fxe5 Nfd7 10. e6 Nf6 11. exf7+ Kxf7 12. Nf3 Re8+ 13. Be2 b5 14. Nxb5
Qb6 15. O-O c4+ 16. Nbd4 Nxd5 17. Bxc4 Qc5 18. Kh1 Kg8 19. Qb3 Bb7 20. Qxb7
Qxc4 21. Bg5 Nb6 22. Rae1 N8d7 23. b3 Qb4 24. Nc6 Qc5 25. Rd1 h6 26. Bh4 Nf8
27. Bf2 Qc2 28. Bd4 Ne6 29. Bxg7 Nxg7 30. Nfe5 Rf8 31. Ne7+ Kh7 32. N7xg6 Rxf1+
33. Rxf1 Re8 34. Qf3 Qxa2 35. Nf8+ Rxf8 36. Qxf8 Qxb3 37. Qf7 Qc2 38. Ng4 Qc4
39. Nf6+ Kh8 40. Qf8+ 1-0

[Event "JEEN-Rueil Malmaison"]
[Site "Rueil Malmaison"]
[Date "2007.11.24"]
[Round "2.7"]
[White "Maillot, Fabien"]
[Black "Mascla, Jean"]
[Result "0-1"]
[WhiteElo "2038"]
[BlackElo "2162"]
[PlyCount "72"]
[EventDate "2007.11.24"]
[SourceDate "2007.10.24"]

1. e4 e6 2. d4 d5 3. e5 c5 4. c3 Nc6 5. Nf3 Qb6 6. a3 Bd7 7. b4 cxb4 8. cxb4
Nge7 9. Bb2 Nf5 10. g4 Nh6 11. h3 f6 12. Bd3 Be7 13. O-O Nf7 14. Nbd2 h5 15.
Nb3 hxg4 16. hxg4 O-O-O 17. Qd2 a6 18. Rfc1 Kb8 19. Nc5 Bc8 20. Rab1 fxe5 21.
dxe5 d4 22. Qf4 Rhf8 23. Qe4 Ng5 24. Nxg5 Bxg5 25. Nxa6+ Ka7 26. b5 Rf4 27. Qe2
Ne7 28. Rc7 Nd5 29. Rxg7 Bh4 30. f3 Nc3 31. Qh2 Rxf3 32. Qxh4 Rxd3 33. Re1 Rd2
34. Bc1 d3+ 35. Kh1 Re2 36. Re7 Qd4 0-1

[Event "JEEN-Rueil Malmaison"]
[Site "Rueil Malmaison"]
[Date "2007.11.24"]
[Round "2.8"]
[White "Wilson, Alexandra"]
[Black "Gatine, Aurelia"]
[Result "1-0"]
[WhiteElo "2061"]
[BlackElo "2028"]
[PlyCount "77"]
[EventDate "2007.11.24"]
[SourceDate "2007.10.24"]

1. e4 c5 2. Nf3 Nc6 3. Bb5 g6 4. O-O Bg7 5. c3 d5 6. Bxc6+ bxc6 7. e5 Bf5 8. d4
c4 9. Nbd2 Nh6 10. b3 Qa5 11. bxc4 O-O 12. Nb3 Qxc3 13. Bg5 e6 14. Rc1 Qb2 15.
cxd5 cxd5 16. Nc5 Bg4 17. Qd2 Qxd2 18. Nxd2 Nf5 19. Ndb3 Be2 20. Rfe1 Bc4 21.
g4 Bxb3 22. gxf5 Bxa2 23. fxe6 fxe6 24. Nxe6 Rf7 25. Rc7 Raf8 26. Nxf8 Rxc7 27.
Ne6 Rc8 28. Nc5 Bf8 29. e6 Bxc5 30. dxc5 Kf8 31. Ra1 Bc4 32. Rxa7 d4 33. e7+
Ke8 34. Ra4 Bd5 35. h4 d3 36. Rd4 Rxc5 37. Rxd3 Kf7 38. Rd4 Be6 39. Rd8 1-0

[Event "Le Vesinet-Arcueil"]
[Site "Arcueil"]
[Date "2007.11.25"]
[Round "3.1"]
[White "Deslandes, Pascal"]
[Black "Marchand, Francois"]
[Result "1/2-1/2"]
[WhiteElo "2316"]
[BlackElo "2216"]
[PlyCount "50"]
[EventDate "2007.11.25"]
[SourceDate "2007.10.24"]

1. e4 c6 2. d4 d5 3. e5 Bf5 4. Nf3 e6 5. Be2 Nd7 6. O-O Bg6 7. Bf4 Ne7 8. Nbd2
Nc8 9. Re1 Be7 10. Nf1 O-O 11. Ng3 c5 12. c3 Ncb6 13. b3 cxd4 14. cxd4 Rc8 15.
Qd2 Rc2 16. Qe3 Qc7 17. Bd1 Rc6 18. Qd2 Ba3 19. Nh4 Bc2 20. Bxc2 Rxc2 21. Qd3
Rc8 22. Bd2 Bb2 23. Rad1 Ba3 24. Ra1 Bb2 25. Rad1 Ba3 1/2-1/2

[Event "Le Vesinet-Arcueil"]
[Site "Arcueil"]
[Date "2007.11.25"]
[Round "3.2"]
[White "Mircescu, Ovidiu"]
[Black "Large, Laurent"]
[Result "1/2-1/2"]
[WhiteElo "2132"]
[BlackElo "2263"]
[PlyCount "107"]
[EventDate "2007.11.25"]
[SourceDate "2007.10.24"]

1. e4 c5 2. Nf3 g6 3. d4 cxd4 4. Nxd4 Bg7 5. Be3 Nc6 6. Nc3 Nf6 7. Nb3 O-O 8.
Be2 b6 9. Qd2 Bb7 10. O-O-O Ne5 11. f3 e6 12. Bg5 d5 13. exd5 exd5 14. Qf4 Re8
15. Bb5 Nh5 16. Qd2 f6 17. Bxe8 Qxe8 18. Bh4 Nc4 19. Qe2 Qf7 20. Rhe1 Nf4 21.
Qf2 Rc8 22. Bg3 Bh6 23. Kb1 a5 24. Ne2 Nh5 25. Ned4 a4 26. Nc1 f5 27. f4 Nf6
28. Nd3 Ne4 29. Qg1 a3 30. b3 Nc3+ 31. Ka1 Nxd1 32. Rxd1 Nd6 33. Ne5 Qc7 34.
Qe1 Ne4 35. Qb4 Bf8 36. Qe1 Bg7 37. c4 Re8 38. Qb4 Nxg3 39. hxg3 Bxe5 40. fxe5
Rxe5 41. Qxa3 dxc4 42. bxc4 Re4 43. Nb5 Qe5+ 44. Kb1 Re1 45. Qb3 Be4+ 46. Kc1
Qa1+ 47. Kd2 Rxd1+ 48. Qxd1 Qxa2+ 49. Ke3 Qxc4 50. Qd8+ Kg7 51. Nd6 Qc1+ 52.
Ke2 Qc2+ 53. Ke1 Qb1+ 54. Kd2 1/2-1/2

[Event "Le Vesinet-Arcueil"]
[Site "Arcueil"]
[Date "2007.11.25"]
[Round "3.3"]
[White "Bogdanov, Emil"]
[Black "Daubas, Christophe"]
[Result "0-1"]
[WhiteElo "2258"]
[BlackElo "2027"]
[PlyCount "82"]
[EventDate "2007.11.25"]
[SourceDate "2007.10.24"]

1. c4 Nf6 2. g3 g6 3. Bg2 Bg7 4. Nc3 O-O 5. e4 d6 6. Nge2 e5 7. O-O Nc6 8. h3
Nd7 9. Rb1 Nc5 10. b4 Ne6 11. f4 f5 12. exf5 gxf5 13. Nd5 Ncd4 14. Bb2 c6 15.
Ne3 Qe8 16. Nxd4 Nxd4 17. Nc2 Qg6 18. Kh2 Bd7 19. a4 Kh8 20. b5 Rac8 21. Bxd4
exd4 22. Nb4 Bf6 23. bxc6 bxc6 24. Na6 Rg8 25. Rf3 c5 26. Ra3 Bc6 27. Qf1 Be4
28. Rbb3 Rc6 29. Nb8 Rc7 30. Na6 Rcg7 31. Rb8 d3 32. Rxg8+ Rxg8 33. Qf2 Bd4 34.
Qe1 Qxg3+ 35. Qxg3 Bg1+ 36. Kxg1 Rxg3 37. Nc7 Rxg2+ 38. Kf1 Rxd2 39. Rb3 Ra2
40. Ne6 h6 41. Rb8+ Kh7 0-1

[Event "Le Vesinet-Arcueil"]
[Site "Arcueil"]
[Date "2007.11.25"]
[Round "3.4"]
[White "Cheron, Stephane"]
[Black "Castaignet, Laurent"]
[Result "0-1"]
[WhiteElo "1999"]
[BlackElo "2130"]
[PlyCount "122"]
[EventDate "2007.11.25"]
[SourceDate "2007.10.24"]

1. e4 c5 2. Nf3 e6 3. d4 cxd4 4. Nxd4 Nf6 5. Nc3 d6 6. Be3 Nc6 7. Be2 Be7 8.
O-O O-O 9. Kh1 Bd7 10. f4 Nxd4 11. Bxd4 Bc6 12. Bd3 a6 13. e5 dxe5 14. fxe5 Nd7
15. Qg4 Bc5 16. Rad1 Bxd4 17. Qxd4 Qg5 18. Be4 Nxe5 19. Bxc6 Nxc6 20. Qb6 Qe7
21. Qe3 Rad8 22. Ne4 Rxd1 23. Rxd1 Rd8 24. Rf1 h6 25. Qg3 Rd4 26. Re1 Qd8 27.
h3 Kf8 28. Nc5 Qe7 29. Nd3 Qd6 30. Qf3 b5 31. Rf1 f6 32. Nf4 Ne7 33. Qe3 e5 34.
Nd3 Kg8 35. Qe2 e4 36. Nf4 f5 37. Qh5 Kh7 38. Qf7 Rd1 39. Rxd1 Qxd1+ 40. Kh2
Qd6 41. g3 Qf6 42. Qxf6 gxf6 43. Ne6 Nd5 44. Kg2 Kg6 45. Kf2 Kf7 46. Nc5 Ke7
47. Nxa6 Kd6 48. a3 f4 49. gxf4 Nxf4 50. Ke3 Ke5 51. Nc5 Nd5+ 52. Kf2 f5 53. a4
bxa4 54. Nxa4 Kd4 55. b4 Kc4 56. Nb2+ Kxb4 57. c4 Nf4 58. Kg3 Nd3 59. Nd1 f4+
60. Kg4 Kxc4 61. h4 h5+ 0-1